Congress Sub-Committee Inquiry into Punjab Affairs: (Record no. 17663)
[ view plain ]
| 000 -LEADER | |
|---|---|
| fixed length control field | 00461nam a22001577a 4500 |
| 003 - CONTROL NUMBER IDENTIFIER | |
| control field | ASL |
| 005 - DATE AND TIME OF LATEST TRANSACTION | |
| control field | 20231015025623.0 |
| 008 - FIXED-LENGTH DATA ELEMENTS--GENERAL INFORMATION | |
| fixed length control field | 170705s1920 ii ||||| |||| 00| 0 eng d |
| 040 ## - CATALOGING SOURCE | |
| Original cataloging agency | ASL |
| Transcribing agency | ASL |
| 082 ## - DEWEY DECIMAL CLASSIFICATION NUMBER | |
| Classification number | 060.54 |
| Item number | CON |
| 245 00 - TITLE STATEMENT | |
| Title | Congress Sub-Committee Inquiry into Punjab Affairs: |
| Remainder of title | Evidence / |
| Statement of responsibility, etc. | India Sub Committee |
| 260 ## - PUBLICATION, DISTRIBUTION, ETC. | |
| Place of publication, distribution, etc. | Punjab : |
| Name of publisher, distributor, etc. | India Sub Committee, |
| Date of publication, distribution, etc. | 1920 |
| 300 ## - PHYSICAL DESCRIPTION | |
| Extent | xxii, 706 p. : |
| Dimensions | 25 cm. |
| 650 ## - SUBJECT ADDED ENTRY--TOPICAL TERM | |
| Topical term or geographic name entry element | Punjab Affairs |
| 9 (RLIN) | 536 |
| 942 ## - ADDED ENTRY ELEMENTS (KOHA) | |
| Source of classification or shelving scheme | Dewey Decimal Classification |
| Koha item type | Books |
| Withdrawn status | Lost status | Source of classification or shelving scheme | Damaged status | Not for loan | Collection code | Home library | Current library | Shelving location | Date acquired | Source of acquisition | Total Checkouts | Full call number | Barcode | Date last seen | Copy number | Price effective from | Koha item type |
|---|---|---|---|---|---|---|---|---|---|---|---|---|---|---|---|---|---|
| Dewey Decimal Classification | Not For Loan | Non-fiction | Asiatic Society Library | Asiatic Society Library | Harrison Collection | 02/05/2020 | Donated by Prof. John B. Harrison | 060.54 CON | 100791 | 07/05/2017 | 1 | 07/05/2017 | Books |